|
|
|
|
| LEADER |
00000cam a2200000 7i4500 |
| 001 |
0000132984 |
| 005 |
20200707.0 |
| 008 |
190705s2019 my a j 000 1 bm |
| 020 |
|
|
|a 9789670681634
|
| 040 |
|
|
|a PERPUSTAM
|b eng
|c PERPUSTAM
|e rda
|
| 090 |
0 |
0 |
|a J 899.2333
|b SNA
|
| 100 |
0 |
|
|a Siti Nur Ain ,
|e author
|
| 245 |
1 |
0 |
|a KAMI SAYANG ATOK
|c SITI NUR AIN
|
| 264 |
|
1 |
|a Bukit Katil, Melaka :
|b Pustaka Ilham Maju
|c 2019
|
| 300 |
|
|
|a 40 pages :
|b color illustration ;
|c 22 cm.
|
| 336 |
|
|
|a text, rdacontent
|
| 337 |
|
|
|a unmediated
|2 rdamedia
|
| 338 |
|
|
|a volume
|2 rdacarrier
|
| 490 |
1 |
|
|a Siri Inspirasi Nilai-nilai Murni
|
| 650 |
1 |
0 |
|a Children's stories, Malay
|
| 650 |
2 |
0 |
|a Didactic fiction, Malay
|
| 830 |
|
0 |
|a Siri inspirasi nilai-nilai murni
|
| 999 |
|
|
|a 0000593748
|b Buku
|c Koleksi Pinjaman Kanak-Kanak
|e Perpustakaan Desa Asahan
|
| 999 |
|
|
|a 0000593749
|b Buku
|c Koleksi Pinjaman Kanak-Kanak
|e Perpustkaan Desa Lubuk China
|
| 999 |
|
|
|a 0000631121
|b Buku
|c Koleksi Pinjaman Kanak-Kanak
|e Perbadanan Perpustakaan Awam Melaka
|
| 999 |
|
|
|a 0000631122
|b Buku
|c Koleksi Pinjaman Kanak-Kanak
|e Perpustakaan Cawangan Jasin
|
| 999 |
|
|
|a 0000631123
|b Buku
|c Koleksi Pinjaman Kanak-Kanak
|e Perpustakaan Cawangan Masjid Tanah
|
| 999 |
|
|
|a 0000631124
|b Buku
|c Koleksi Pinjaman Kanak-Kanak
|e Perpustakaan Cawangan Merlimau
|
| 999 |
|
|
|a 0000631125
|b Buku
|c Koleksi Pinjaman Kanak-Kanak
|e Perbadanan Perpustakaan Awam Melaka
|
| 999 |
|
|
|a 0000631126
|b Buku
|c Koleksi Pinjaman Kanak-Kanak
|e Perpustakaan Komuniti UTC Melaka
|
| 999 |
|
|
|a 0000631127
|b Buku
|c Koleksi Melaka
|e Perbadanan Perpustakaan Awam Melaka
|
| 999 |
|
|
|a 0000631128
|b Buku
|c Koleksi Pinjaman Kanak-Kanak
|e Perbadanan Perpustakaan Awam Melaka
|
| 999 |
|
|
|a 0000631129
|b Buku
|c Koleksi Pinjaman Kanak-Kanak
|e Perbadanan Perpustakaan Awam Melaka
|
| 999 |
|
|
|a 0000631130
|b Buku
|c Koleksi Pinjaman Kanak-Kanak
|e Perpustakaan Sekolah Tunas Bakti
|
| 999 |
|
|
|a 0000631131
|b Buku
|c Koleksi Pinjaman Kanak-Kanak
|e Perbadanan Perpustakaan Awam Melaka
|